| 000 | 00973na a2200265 4500 | ||
|---|---|---|---|
| 001 | 13387 | ||
| 003 | MIRAKIL | ||
| 005 | 20181213154901.0 | ||
| 008 | 161010b tu 000 0 | ||
| 035 | _a13387 | ||
| 040 |
_aMilas _btur _cTR-AnCHP |
||
| 041 | _atur | ||
| 082 |
_aCHP 324.2172 _bC36 2014 |
||
| 090 | _aCHP 324.2172 C36 2014 | ||
| 100 | _aAkdoğan, Umut | ||
| 245 |
_aSanal dünya ve sosyal medyada Cumhuriyet Halk Partisi _cUmut Akdoğan |
||
| 260 |
_a[Ankara] _bCHP _c2014 |
||
| 300 |
_a1 c. _bfotğ. _c30 sm. |
||
| 505 | _a54 il- 204 ilçede alan çalışması, 53 gazete rehberi, 11 televizyon programı, 16 üniversite çalışması, 13 sivil toplum çalışması, 4 panel, 3 olağanüstü kongre yönetimi, Seçim hukuku, CHP - Gazete haberleri 2012-2014, CHP- Sosyal medya 2012-2014 | ||
| 610 | _aCumhuriyet Halk Partisi (CHP) | ||
| 650 |
_aCHP _xBasın |
||
| 650 |
_aCHP _xSosyal medya |
||
| 650 |
_aCHP _xHaberler _yRaporlar |
||
| 942 |
_2ddc _cBKS |
||
| 999 |
_c2530 _d2530 |
||